Loading...
| Religion | 0 | 3 | 0 | 1 | 30 | 34 | 58.67 | 2 | 3 | 12.46 | 23.33 |
| History - Other | 0 | 2 | 0 | 0 | 20 | 16 | 38.00 | 1 | 2 | 10.96 | 15.00 |
| Fine Arts - Other | 0 | 2 | 0 | 0 | 20 | 59 | 73.50 | 0 | 2 | 6.54 | 11.67 |
| Popular Culture | 0 | 2 | 0 | 0 | 20 | 37 | 45.00 | 0 | 2 | 19.70 | 23.33 |
| Literature - American | 0 | 1 | 0 | 1 | 10 | 71 | 71.00 | 0 | 1 | 3.05 | 6.67 |
| Fine Arts - Painting and Sculpture | 0 | 1 | 0 | 0 | 10 | 101 | 101.00 | 1 | 1 | 1.38 | 8.33 |
| History - European | 0 | 1 | 0 | 0 | 10 | 69 | 69.00 | 1 | 1 | 2.91 | 8.33 |
| Literature - British | 0 | 1 | 0 | 0 | 10 | 22 | 22.00 | 1 | 1 | 6.82 | 8.33 |
| Literature - World | 0 | 1 | 0 | 0 | 10 | 51 | 51.00 | 1 | 1 | 4.61 | 8.33 |
| Science - Other | 0 | 1 | 0 | 0 | 10 | 37 | 37.00 | 1 | 1 | 5.34 | 8.33 |
| History - World | 0 | 1 | 2 | 0 | 0 | 49 | 49.00 | 0 | 1 | 4.44 | 6.67 |
| Geography | 0 | 0 | 1 | 0 | -5 | 0.00 | 0 | 0 | 0.00 | 0.00 | |
| Social Science | 0 | 0 | 1 | 0 | -5 | 0.00 | 0 | 0 | 0.00 | 0.00 | |
| History - American | 0 | 0 | 2 | 0 | -10 | 0.00 | 0 | 0 | 0.00 | 0.00 |